000 00640nam a22001937a 4500
005 20251108165420.0
008 250721s1974 xx 000 0 ara d
082 1 4 _a947.0841/ثور
100 1 _aالصويتي، فارس
_eترجمة
245 1 0 _aثورة أكتوبر :
_bشهادة محاربين أجانب - مقالات و وثائق /
264 1 _aدمشق :
_bدار دمشق للطباعة و النشر،
_c1974.
300 _a252ص
490 0 _aسلسلة الثورات
650 1 7 _aروسيا
650 1 7 _aتاريخ روسيا
650 1 7 _aالثورة الروسية 1917
942 _2ddc
_cBK
999 _c27371
_d27371